<?xml version="1.0" encoding="UTF-8"?><record xmlns="http://www.loc.gov/MARC21/slim" xmlns:zs="http://docs.oasis-open.org/ns/search-ws/sruResponse">
  <leader>01017cz  a2200229n  4500</leader>
  <controlfield tag="001">n  94016640 </controlfield>
  <controlfield tag="003">DLC</controlfield>
  <controlfield tag="005">20231214162250.0</controlfield>
  <controlfield tag="008">940218n| azannaabn          |a aaa      </controlfield>
  <datafield ind1=" " ind2=" " tag="010">
    <subfield code="a">n  94016640 </subfield>
  </datafield>
  <datafield ind1=" " ind2=" " tag="040">
    <subfield code="a">DLC</subfield>
    <subfield code="b">eng</subfield>
    <subfield code="e">rda</subfield>
    <subfield code="c">DLC</subfield>
    <subfield code="d">DLC</subfield>
  </datafield>
  <datafield ind1=" " ind2=" " tag="046">
    <subfield code="f">1965-12-25</subfield>
    <subfield code="g">2016-09-03</subfield>
    <subfield code="2">edtf</subfield>
  </datafield>
  <datafield ind1=" " ind2="0" tag="053">
    <subfield code="a">PZ8.3.D498</subfield>
    <subfield code="c">Stories in rhyme, English</subfield>
  </datafield>
  <datafield ind1="1" ind2=" " tag="100">
    <subfield code="a">Dewdney, Anna</subfield>
  </datafield>
  <datafield ind1=" " ind2=" " tag="370">
    <subfield code="b">Lower Bartonsville (Vt.)</subfield>
  </datafield>
  <datafield ind1=" " ind2=" " tag="370">
    <subfield code="e">Englewood Cliffs (N.J.)</subfield>
    <subfield code="2">naf</subfield>
  </datafield>
  <datafield ind1=" " ind2=" " tag="372">
    <subfield code="a">Picture books</subfield>
    <subfield code="2">lcsh</subfield>
  </datafield>
  <datafield ind1=" " ind2=" " tag="374">
    <subfield code="a">Authors</subfield>
    <subfield code="a">Illustrators</subfield>
    <subfield code="2">lcsh</subfield>
  </datafield>
  <datafield ind1=" " ind2=" " tag="377">
    <subfield code="a">eng</subfield>
  </datafield>
  <datafield ind1="1" ind2=" " tag="400">
    <subfield code="a">Luhrmann, Anna Elizabeth</subfield>
  </datafield>
  <datafield ind1=" " ind2=" " tag="670">
    <subfield code="a">The peppermint race, 1994:</subfield>
    <subfield code="b">CIP t.p. (Anna Dewdney)</subfield>
  </datafield>
  <datafield ind1=" " ind2=" " tag="670">
    <subfield code="a">New York times WWW site, viewed Sept. 8, 2016</subfield>
    <subfield code="b">(in obituary published Sept. 7: Anna Dewdney; b. Anna Elizabeth Luhrmann, Dec. 25, 1965; grew up in Englewood Cliffs, N.J.; m. John Ronald Dewdney (div.); d. Saturday [Sept. 3, 2016], Lower Bartonsville, Vt., aged 50; her Llama Llama read-aloud picture books amused and comforted millions of preschool children)</subfield>
  </datafield>
</record>
